| 000 | 02286cam a22004097a 4500 | ||
|---|---|---|---|
| 001 | 17082384 | ||
| 003 | Nust- CAS-E | ||
| 005 | 20180118181356.0 | ||
| 008 | 111213s2011 nyua b 001 0 eng d | ||
| 010 | _a 2011275414 | ||
| 016 | 7 |
_a015829913 _2Uk |
|
| 020 | _a9780071752978 | ||
| 020 | _a0071752978 | ||
| 035 | _a(OCoLC)ocn692290271 | ||
| 040 |
_aBTCTA _beng _cBTCTA _dYDXCP _dUKMGB _dBWX _dBKX _dCOO _dCUV _dCDX _dMUU _dDLC |
||
| 042 | _alccopycat | ||
| 050 | 0 | 0 |
_aTJ260 _b.H96 2011 |
| 082 | 0 | 4 |
_a621.199 _223 _bHYM 2011 |
| 100 | 1 | _aHyman, Lucas B. | |
| 245 | 1 | 0 |
_aSustainable thermal storage systems : _bplanning, design, and operations / _cLucas B. Hyman. |
| 246 | 1 | _aPractical guide to sustainable thermal storage systems | |
| 260 |
_aNew York : _bMcGraw-Hill, _cc2011. |
||
| 300 |
_axii, 308 p. : _bill. ; _c25 cm. |
||
| 504 | _aIncludes bibliographical references (p. 283-285) and index. | ||
| 505 | 0 | _a1. Overview -- 2. Applicability of thermal storage systems -- 3. Types of thermal storage systems -- 4. Sensible thermal storage systems -- 5. Latent thermal storage systems -- 6. Heating thermal storage systems -- 7. Thermal storage system sizing -- 8. Conducting a thermal storage feasibility study -- 9. Thermal storage design applications -- 10. Thermal storage tank specifications -- 11. Thermal storage operating and control strategies -- 12. Commissioning of thermal storage systems -- 13. Sustainable thermal storage operations -- 14. Chilled water thermal storage case study -- 15. Ice thermal storage case study. | |
| 650 | 0 | _aHeat storage. | |
| 650 | 0 | _aHeat engineering. | |
| 650 | 0 | _aCogeneration of electric power and heat. | |
| 650 | 0 |
_aSustainable buildings _xHeating and ventilation. |
|
| 650 | 0 |
_aSustainable buildings _xDesign and construction. |
|
| 856 | 4 | 2 |
_3Contributor biographical information _uhttp://www.loc.gov/catdir/enhancements/fy1205/2011275414-b.html |
| 856 | 4 | 2 |
_3Publisher description _uhttp://www.loc.gov/catdir/enhancements/fy1205/2011275414-d.html |
| 856 | 4 | 1 |
_3Table of contents only _uhttp://www.loc.gov/catdir/enhancements/fy1205/2011275414-t.html |
| 906 |
_a7 _bcbc _ccopycat _d2 _encip _f20 _gy-gencatlg |
||
| 942 |
_2ddc _cBK |
||
| 999 |
_c355298 _d355298 |
||